[Event "7th Malaysia Open"]
[Site "Kuala Lumpur MAS"]
[Date "2010.09.04"]
[Round "5"]
[White "Polovina,E"]
[Black "Aquino,J"]
[Result "1-0"]
[WhiteElo "2038"]
[BlackElo "2245"]

1.d4 Nf6 2.c4 e6 3.Nf3 Bb4+ 4.Nbd2 Nc6 5.e3 d6 6.a3 Bxd2+ 7.Bxd2 e5 8.d5 Ne7
9.Qc2 O-O 10.Be2 Bf5 11.Qb3 b6 12.Nh4 Bd7 13.Qc2 Ne8 14.g3 Bh3 15.O-O-O g5
16.Nf3 Ng6 17.Rhg1 f5 18.Ne1 Nf6 19.f3 e4 20.f4 Ng4 21.Kb1 Qe7 22.Qc3 gxf4
23.gxf4 Qh4 24.Nc2 Nf2 25.Rc1 Bg4 26.Bf1 Bf3 27.Nd4 Qxh2 28.Ne6 Rf7 29.Rg5 Bh5
30.Qd4 Nd1 31.Rxf5 Raf8 32.Rg5 h6 33.Rg2 Qh1 34.Rxd1 Rf6 35.Bc3 c5 36.dxc6 Bxd1
37.Rxg6+ Rxg6 38.Qh8+ Kf7 39.Qxf8+ Kxe6 40.f5+  1-0

[Event "9th Georgiev-Kesarovski Mem"]
[Site "Sunny Beach BUL"]
[Date "2010.09.04"]
[Round "8"]
[White "Mitkov,M"]
[Black "Pantev,V"]
[Result "0-1"]
[WhiteElo "2398"]
[BlackElo "2371"]

1.d4 Nf6 2.c4 e6 3.Nf3 Bb4+ 4.Nbd2 b6 5.a3 Bxd2+ 6.Qxd2 Bb7 7.e3 O-O 8.Bd3 Ne4
9.Qc2 f5 10.O-O a5 11.Nd2 Nxd2 12.Bxd2 Nc6 13.Bc3 Qg5 14.f4 Qh5 15.Rf3 d5
16.cxd5 exd5 17.Rg3 Ba6 18.Qa4 Bxd3 19.Qxc6 Qf7 20.Rc1 Rfe8 21.b3 Qe6 22.Qxc7 Re7
23.Qe5 Qxe5 24.fxe5 Rc8 25.e4 fxe4 26.Bd2 Rxc1+ 27.Bxc1 Rf7  0-1

[Event "ch-POR"]
[Site "Amadora POR"]
[Date "2010.09.11"]
[Round "8"]
[White "Dias,P"]
[Black "Mateus,F"]
[Result "1-0"]
[WhiteElo "2394"]
[BlackElo "2068"]

1.d4 Nf6 2.c4 e6 3.Nf3 Bb4+ 4.Nbd2 b6 5.a3 Bxd2+ 6.Bxd2 Bb7 7.Bg5 O-O 8.e3 h6
9.Bh4 d5 10.Rc1 Nbd7 11.cxd5 Bxd5 12.Bd3 g5 13.Bg3 c5 14.h4 g4 15.Ne5 h5
16.O-O Nxe5 17.Bxe5 Nd7 18.Bd6 Qxh4 19.e4 Bb7 20.Bxf8 Rxf8 21.Qe2 cxd4 22.b4 Ne5
23.Rfd1 f5 24.Rc7 f4 25.Rxb7 g3 26.Qa2 Rf6 27.Qc2 Ng4 28.Qc8+ Rf8 29.Qxe6+ Kh8
30.e5 gxf2+ 31.Kf1 Ne3+ 32.Ke2 f3+ 33.Kd2 f1=N+ 34.Kc1 Nf5 35.Rh7+ Kxh7 36.Bxf5+ Rxf5
37.Qxf5+ Kg8 38.Rxf1  1-0

[Event "EYCC Girls U18"]
[Site "Batumi GEO"]
[Date "2010.09.28"]
[Round "9"]
[White "Tsatsalashvili,K"]
[Black "Rizhamadze,P"]
[Result "1-0"]
[WhiteElo "2266"]
[BlackElo "2018"]

1.d4 Nf6 2.c4 e6 3.Nf3 Bb4+ 4.Nbd2 O-O 5.a3 Bxd2+ 6.Qxd2 d6 7.Qc2 Qe7 8.Bg5 e5
9.e3 h6 10.Bh4 a5 11.Be2 Nc6 12.d5 Nb8 13.b3 g5 14.Bg3 Nh5 15.Nd2 Ng7 16.f3 f5
17.Bf2 Nd7 18.O-O Kh8 19.b4 b6 20.e4 f4 21.c5 bxc5 22.bxc5 Ba6 23.Bxa6 Rxa6
24.cxd6 cxd6 25.Qc7 Qd8 26.Rfc1 Qxc7 27.Rxc7 Nf6 28.Rb1 Rfa8 29.a4 Nge8 30.Rc2 Kg8
31.Rb7 Kf8 32.Nb3 g4 33.Kf1 h5 34.Ke2 Rd8 35.Bb6 Rda8 36.Rc6 h4 37.h3 g3
38.Nd2  1-0

[Event "OIS"]
[Site "Munich GER"]
[Date "2010.10.03"]
[Round "9"]
[White "Meister,P"]
[Black "Wohl,A"]
[Result "1/2-1/2"]
[WhiteElo "2446"]
[BlackElo "2398"]

1.d4 Nf6 2.c4 e6 3.Nf3 Bb4+ 4.Nbd2 O-O 5.a3 Be7 6.e4 d6 7.b4 a5 8.Bb2 e5
9.d5 Na6 10.Be2 Bg4 11.Bc3 axb4 12.axb4 c6 13.dxc6 bxc6 14.O-O c5 15.b5 Nc7
16.Ba5 Qb8 17.Bxc7 Qxc7 18.h3 Rxa1 19.Qxa1 Bc8 20.Qc3 Bb7 21.Bd3 Nh5 22.Ra1 Nf4
23.Bf1 f5 24.Qe3 g6 25.h4  1/2-1/2

[Event "Tatry Open"]
[Site "Tatranske Zruby CZE"]
[Date "2010.10.03"]
[Round "2"]
[White "Pacher,M"]
[Black "Vukovic,Ivo"]
[Result "1-0"]
[WhiteElo "2449"]
[BlackElo "2251"]

1.d4 Nf6 2.c4 e6 3.Nf3 Bb4+ 4.Nbd2 O-O 5.a3 Bxd2+ 6.Qxd2 d6 7.e3 Qe7 8.Be2 e5
9.O-O Re8 10.dxe5 dxe5 11.b4 Bg4 12.Bb2 Nbd7 13.Ne1 Rad8 14.Bxg4 Nxg4 15.Qe2 Ngf6
16.e4 Nf8 17.Nd3 Ng6 18.g3 Qe6 19.Nc5 Qc6 20.f3 b6 21.Nb3 Rd7 22.Rac1 Red8
23.Rc3 h5 24.Bc1 Nf8 25.b5 Qe6 26.Kg2 Qe7 27.c5 Ne6 28.a4 Nd4 29.Qc4 Qe6
30.Qxe6 Nxe6 31.Be3 Rd3 32.Rfc1 Kf8 33.a5 Ke8 34.Kf2 Rxc3 35.Rxc3 Rb8 36.cxb6 cxb6
37.a6 Nd7 38.Ke2 Kd8 39.Kd3 Rc8 40.Rxc8+ Kxc8 41.Kc4 Nc7 42.Nc1 Ne8 43.Kd5 Nc7+
44.Kd6 Nxb5+ 45.Ke7 f6 46.h4 Nd4 47.Kf7 Kd8 48.g4 hxg4 49.fxg4 Nc5 50.Kxg7 Ke7
51.Bxd4 exd4 52.h5 d3 53.Nxd3 Nxd3 54.h6 Ne5 55.h7 Nf7 56.e5 b5 57.exf6+ Ke6
58.g5 b4 59.g6 b3 60.gxf7  1-0

[Event "Tatry Open"]
[Site "Tatranske Zruby CZE"]
[Date "2010.10.05"]
[Round "5"]
[White "Mosny,J"]
[Black "Polacik,I"]
[Result "0-1"]
[WhiteElo "1982"]
[BlackElo "2199"]

1.d4 Nf6 2.Nf3 e6 3.c4 Bb4+ 4.Nbd2 b6 5.e3 Bb7 6.Bd3 O-O 7.O-O d5 8.a3 Bd6
9.Ne5 Ne4 10.f3 Nxd2 11.Bxd2 Bxe5 12.dxe5 dxc4 13.Bxc4 Qg5 14.Qe2 Qxe5 15.Bc3 Qg5
16.f4 Qe7 17.e4 Nd7 18.Rae1 Nf6 19.Bd3 Rfd8 20.Bb1 a5 21.Qc2 Ne8 22.f5 e5
23.Ba2 Nf6 24.Rf3 b5 25.b4 c5 26.bxa5 b4 27.Bb2 Rxa5 28.Bc4 bxa3 29.Rxa3 Rxa3
30.Bxa3 Qd6 31.Bb2 Bxe4 32.Rxe4 Qd1+  0-1

[Event "TCh-CHN"]
[Site "Guangzhou CHN"]
[Date "2010.10.14"]
[Round "14"]
[White "Ding Liren"]
[Black "Li Haoyu"]
[Result "1/2-1/2"]
[WhiteElo "2565"]
[BlackElo "2369"]

1.d4 Nf6 2.Nf3 e6 3.c4 Bb4+ 4.Nbd2 O-O 5.a3 Bxd2+ 6.Qxd2 d5 7.e3 Nbd7 8.Qc2 dxc4
9.Bxc4 b6 10.e4 Bb7 11.e5 Ne4 12.O-O Re8 13.Rd1 Bd5 14.Be3 c6 15.Rac1 f6
16.Bd3 f5 17.Ne1 b5 18.Bf1 Nb6 19.f3 Ng5 20.Nd3 a5 21.Nf4 Nf7 22.Bf2 Rc8
23.Nxd5 Nxd5 24.a4 bxa4 25.Qxa4 Qb6 26.Rc2 Re7 27.Rdc1 Nd8 28.Bc4 Rec7 29.Qa3 Kf7
30.Bb3 Qb4 31.Bxd5 exd5 32.Qd3 g6 33.Qa6 Ne6 34.Rxc6 Qxb2 35.Rxc7+ Rxc7 36.Rxc7+ Nxc7
37.Qf6+ Ke8 38.h3 Kd7 39.Qd6+ Kc8 40.e6 Qb5 41.e7 Ne8 42.Qd8+ Kb7 43.Bg3 a4
44.Qb8+ Ka6 45.Qa8+ Kb6 46.Kh2 Qc6 47.Qb8+ Ka6 48.Qb2 Qb5 49.Qc3 Qc4 50.Qe3 Kb5
51.Qe5 Qc6 52.Qe2+ Qc4 53.Qe5 Qc6 54.Qe2+ Qc4 55.Qe5 Qc6 56.Qe2+ Qc4  1/2-1/2

[Event "Chigorin Mem Classic Open"]
[Site "St Petersburg RUS"]
[Date "2010.10.30"]
[Round "3"]
[White "Vorobiov,E"]
[Black "Bove,A"]
[Result "1-0"]
[WhiteElo "2565"]
[BlackElo "2397"]

1.d4 Nf6 2.c4 e6 3.Nf3 Bb4+ 4.Nbd2 O-O 5.a3 Be7 6.e3 d5 7.Bd3 b6 8.Qc2 Bb7
9.b4 a5 10.b5 c5 11.bxc6 Nxc6 12.Rb1 Rb8 13.cxd5 exd5 14.O-O Na7 15.Ne5 b5
16.Nb3 Rc8 17.Nc5 Bxc5 18.dxc5 d4 19.Bb2 Qd5 20.Nf3 Qh5 21.Qe2 Bxf3 22.Qxf3 Qxf3
23.gxf3 dxe3 24.fxe3 Rxc5 25.Bd4 Rg5+ 26.Kf2 Nc6 27.Bxf6 gxf6 28.Rxb5 Rd8
29.f4 Rxb5 30.Bxb5 Rd2+ 31.Kf3 Na7 32.Be2 Rb2 33.Rc1 Nb5 34.a4 Nd6 35.Rc5 Ne4
36.Kxe4 Rxe2 37.h4 Ra2 38.Rxa5 h5 39.Kf5 Kg7 40.Ra6 Rh2 41.Rxf6 Rxh4 42.Rb6 Rh1
43.Kg5 h4 44.Kg4 h3 45.Kg3 h2 46.Rb4 Re1 47.Kxh2 Rxe3 48.Kg2 Ra3 49.Kf2 Kf6
50.Ke2 Ke6 51.Rd4 Kf5 52.Kd2 Rf3 53.Kc2 Kg4 54.Kb2 Rf2+ 55.Kb3 Rf3+ 56.Kb4 Rxf4
57.Rxf4+ Kxf4 58.a5 f5 59.a6 Kg3 60.a7 f4 61.a8=Q f3  1-0

[Event "14th OIBM"]
[Site "Bad Wiessee GER"]
[Date "2010.11.02"]
[Round "5.7"]
[White "Meins,G"]
[Black "Rozentalis,E"]
[Result "1/2-1/2"]
[WhiteElo "2475"]
[BlackElo "2611"]

1.d4 Nf6 2.c4 e6 3.Nf3 Bb4+ 4.Nbd2 b6 5.e3 O-O 6.Bd3 d5 7.O-O Bb7 8.a3 Be7
9.b4 c5 10.bxc5 bxc5 11.Bb2 cxd4 12.Nxd4 Nbd7 13.N4b3 Rb8 14.Bc3 dxc4 15.Nxc4 Bd5
16.Nca5 Bxb3 17.Nxb3 Rxb3 18.Qxb3 Nc5 19.Bxh7+ Kxh7 20.Qc2+ Qd3 21.Qxd3+ Nxd3
22.Rfd1 Nc5 23.Rab1 Nd5 24.Bd4 a6 25.Rdc1 Ne4 26.Rc6 a5 27.f3 Nef6 28.e4 Nf4
29.Be3 Nd3 30.Rc3 Rd8 31.Rb7 Bf8 32.Bb6 Rd6 33.Bxa5 Nd7 34.Rb1 Nf4 35.Rc2 Ra6
36.Bb4 Rb6 37.Rd1 Bxb4 38.Rxd7 Bxa3 39.Rxf7 Bc5+ 40.Rxc5 Rb1+ 41.Kf2 Nd3+
42.Ke3 Nxc5 43.Rc7 Rc1 44.f4 Kh6 45.h4 e5 46.fxe5 Rc4 47.Kf3 Rc3+ 48.Kg4 Nxe4
49.Rxc3 Nxc3 50.Kf5 Nd5 51.g4 Ne3+ 52.Kf4 Ng2+ 53.Kg3 Ne1 54.Kf4 Ng2+ 55.Kg3 Ne1
56.Kf4 Kg6 57.h5+ Kf7 58.Kf5 Nf3 59.e6+  1/2-1/2

[Event "Chigorin Mem Classic Open"]
[Site "St Petersburg RUS"]
[Date "2010.11.03"]
[Round "7"]
[White "Levin,Ev"]
[Black "Karasev,Vl"]
[Result "1/2-1/2"]
[WhiteElo "2483"]
[BlackElo "2361"]

1.d4 Nf6 2.c4 e6 3.Nf3 Bb4+ 4.Nbd2 b6 5.a3 Bxd2+ 6.Bxd2 Bb7 7.Bf4 d6 8.e3 Nbd7
9.Be2 Qe7 10.O-O e5 11.Bg5 h6 12.Bxf6 Nxf6 13.dxe5 dxe5 14.Qa4+ Qd7 15.Qc2 Qe6
16.c5 O-O 17.Rac1 Bd5 18.Bc4 Rfd8 19.Bxd5 Rxd5 20.cxb6 cxb6 21.Qc7 Qd7 22.Qxd7 Nxd7
23.Rc7 Nc5 24.h3 Ne6 25.Rc2 e4 26.Nd2 f5 27.Nb3 Rad8 28.Re1 Kf7 29.Kf1 a5
30.Ke2 a4 31.Nd2 Nc5 32.Rb1 b5 33.b3 Ke6 34.bxa4 Nxa4 35.Nb3 Rd3 36.Nd4+ R8xd4
37.exd4 Nc3+ 38.Rxc3 Rxc3 39.Rxb5 Rxa3 40.g3 Rd3 41.Rb6+ Kf7 42.Rb5 g6 43.Rb4 g5
44.Rb7+ Kg6 45.Rb6+  1/2-1/2

[Event "1st Open"]
[Site "Brno CZE"]
[Date "2010.11.18"]
[Round "7"]
[White "Halldorsson,J"]
[Black "Tsenov,Tsvetoslav"]
[Result "1/2-1/2"]
[WhiteElo "2196"]
[BlackElo "2141"]

1.d4 Nf6 2.Nf3 e6 3.c4 Bb4+ 4.Nbd2 b6 5.g3 Ba6 6.Qc2 Nc6 7.a3 Bxd2+ 8.Bxd2 Bb7
9.Qd3 O-O 10.Bg2 e5 11.dxe5 Nxe5 12.Qc3 Re8 13.O-O Ng6 14.Qd3 Be4 15.Qc3 h6
16.Rad1 Qe7 17.Rfe1 Rad8 18.b4 c5 19.Be3 d6 20.bxc5 dxc5 21.Bc1 Qb7 22.Rxd8 Rxd8
23.Bxh6 Ne8 24.Bc1 Nc7 25.Bb2 f6 26.Qe3 Re8 27.Qd2 Ne6 28.Rd1 Rd8 29.Qc1 Rxd1+
30.Qxd1 Qa6 31.Qc1 Qa4 32.h4 Bc2 33.Ne1 Bb3 34.Bd5 Nf8 35.Qf4 b5 36.Bxe6+ Nxe6
37.Qb8+ Kf7 38.Qxb5 Qxc4 39.Qxc4 Bxc4 40.Nd3 Ke7 41.Kf1 Kd6 42.Ke1 f5 43.Kd2 Bb5
44.f3 Kd5 45.Kc3 a5 46.e3 c4 47.Ne1 Nc5 48.Kd2 g6 49.Bc3 a4 50.Nc2 Nd3 51.Nd4 Bd7
52.Ne2 Bc8 53.Bd4 Bd7 54.Nc3+ Ke6 55.e4 Bc6 56.Ke3 Ne1 57.Kf4 Nd3+ 58.Kg5 fxe4
59.fxe4 Ne5 60.Bb6 Be8 61.Nd5 Bc6 62.Nc3 Be8 63.Kf4 Bc6 64.Ke3 Ng4+ 65.Kd4 Nf6
66.Bd8 Nh5 67.Bc7 Nf6 68.Bf4 Bb7 69.Nxa4 Nxe4 70.Kxc4 Kf5 71.Nc5 Nxc5 72.Kxc5 Ke6
73.Kb6 Bf3 74.a4 Kd7 75.a5 Bd5 76.Kc5 Ke6 77.a6 Bf3 78.Kd4 Be2 79.a7 Bf3
80.g4 Kd7 81.Ke5 Kc8 82.Be3 Kb7 83.Kf4 Be2 84.Kg5 Bf3 85.Kf4 Be2 86.Bc5 Bd1
87.g5 Bc2 88.Ke5 Bd3 89.Kf6 Be4  1/2-1/2

[Event "XXIII Belgrade Trophy"]
[Site "Obrenovac SRB"]
[Date "2010.11.28"]
[Round "5.22"]
[White "Nestorovic,De"]
[Black "Stanojevic,B"]
[Result "1/2-1/2"]
[WhiteElo "2397"]
[BlackElo "2278"]

1.d4 Nf6 2.c4 e6 3.Nf3 Bb4+ 4.Nbd2 Qe7 5.a3 Bxd2+ 6.Bxd2 d6 7.Bg5 a5 8.e3 e5
9.dxe5 dxe5 10.Qc2 Nbd7 11.Be2 O-O 12.O-O Re8 13.Nd2 h6 14.Bh4 a4 15.Ne4 g5
16.Nxf6+ Qxf6 17.Bg3 Nc5 18.f3 Ra6 19.Rad1 Rd6 20.Rd5 b6 21.Qc3 Rde6 22.Bd1 Bd7
23.Rd2 Rd6 24.Bc2 Rxd2 25.Qxd2 Qe6 26.Qb4 Bc6 27.Rd1 Kg7 28.e4  1/2-1/2

[Event "XXIII Belgrade Trophy"]
[Site "Obrenovac SRB"]
[Date "2010.12.01"]
[Round "8.46"]
[White "Rakic,Mi"]
[Black "Miladinovic,L"]
[Result "0-1"]
[WhiteElo "2214"]
[BlackElo "2027"]

1.d4 Nf6 2.c4 e6 3.Nf3 Bb4+ 4.Nbd2 d6 5.g3 Nc6 6.Bg2 a5 7.O-O e5 8.d5 Ne7
9.a3 Bxd2 10.Bxd2 a4 11.b4 axb3 12.Qxb3 O-O 13.a4 Ne4 14.Bb4 f5 15.c5 Kh8
16.cxd6 cxd6 17.Nd2 Nxd2 18.Bxd2 f4 19.a5 Ng6 20.Rfc1 Qf6 21.Ra4 fxg3 22.Qxg3 Nf4
23.Bxf4 exf4 24.Qb3 Qg5 25.Rc3 Bg4 26.Qd1 Rae8 27.Ra2 f3 28.h4 Qf6 29.Rxf3 Bxf3
30.Bxf3 Qxh4 31.Ra4 Rf4 32.Rxf4 Qxf4 33.Qb3 Qg5+ 34.Kf1 Rc8 35.e4 Qc1+ 36.Kg2 Qg5+
37.Kf1 Rc1+ 38.Ke2 Qg1 39.Qb4 Rc2+ 40.Ke3 Qxf2+ 41.Kf4 Qh4+ 42.Ke3 Qf6 43.Be2 Rb2
44.Qc4 h6 45.a6 bxa6 46.Qxa6 Rb3+ 47.Bd3 Qg5+ 48.Ke2 Qh5+ 49.Kf2 Rb2+ 50.Ke3 Qg5+
51.Kd4 Qg1+ 52.Kc4 Qc1+ 53.Kd4 Qc5+  0-1

[Event "TCh-CZE 2010-11"]
[Site "Czech Rep CZE"]
[Date "2010.12.05"]
[Round "4.6"]
[White "Rosko,L"]
[Black "Biolek,R2"]
[Result "0-1"]
[WhiteElo "2305"]
[BlackElo "2433"]

1.d4 Nf6 2.c4 e6 3.Nf3 Bb4+ 4.Nbd2 d5 5.Qa4+ Nc6 6.a3 Be7 7.e3 O-O 8.b4 a5
9.b5 Nb8 10.c5 c6 11.b6 Nbd7 12.Bb2 e5 13.Nb3 Ne4 14.Rc1 f6 15.Be2 Qe8 16.Nfd2 Ng5
17.Nf3 Ne6 18.g3 Rf7 19.h4 Qf8 20.Rc2 Bd8 21.Nfd2 Bxb6 22.e4 exd4 23.exd5 Nexc5
24.Nxc5 Nxc5 25.Qxd4 Bf5 26.Rxc5 Qxc5 27.Qxc5 Bxc5 28.dxc6 Re8  0-1

[Event "29th European Blitz"]
[Site "Warsaw POL"]
[Date "2010.12.17"]
[Round "8"]
[White "Dziuba,M"]
[Black "Jaracz,P"]
[Result "1-0"]
[WhiteElo "2584"]
[BlackElo "2543"]

1.d4 Nf6 2.c4 e6 3.Nf3 Bb4+ 4.Nbd2 b6 5.a3 Bxd2+ 6.Qxd2 Bb7 7.e3 d6 8.Be2 Nbd7
9.O-O O-O 10.b4 c5 11.Bb2 Qe7 12.Rfd1 Rfd8 13.Rac1 Rac8 14.Qc2 d5 15.dxc5 bxc5
16.b5 Nb6 17.Nd2 Ne8 18.a4 dxc4 19.a5 Nd5 20.Nxc4 Nef6 21.f3 h6 22.e4 Nb4
23.Qb3 Rxd1+ 24.Rxd1 Rd8 25.Be5 Ne8 26.a6 Bc8 27.Rxd8 Qxd8 28.Qd1 Qe7 29.Nd6 Bd7
30.Nb7 f5 31.Bb8 fxe4 32.fxe4 Nf6 33.b6 Nxe4 34.Bf3 Nc3 35.Qe1 Qf6 36.Be5  1-0

[Event "North American Open"]
[Site "Las Vegas USA"]
[Date "2010.12.27"]
[Round "2"]
[White "Gurevich,D"]
[Black "Gershenov,B"]
[Result "1-0"]
[WhiteElo "2469"]
[BlackElo "2044"]

1.d4 Nf6 2.c4 e6 3.Nf3 Bb4+ 4.Nbd2 O-O 5.g3 Qe7 6.Bg2 d6 7.O-O Bxd2 8.Bxd2 e5
9.dxe5 dxe5 10.Bc3 Nc6 11.Qc2 a5 12.Rad1 Bg4 13.h3 Bh5 14.Nh4 Qc5 15.b3 Rfe8
16.g4 Bg6 17.Nxg6 hxg6 18.e3 g5 19.Qf5 Nb4 20.Rd2 a4 21.Bxb7 Rab8 22.Bf3 Nxa2
23.Rxa2 axb3 24.Rb2 Qxc4 25.Bxe5  1-0

[Event "3rd Marseille Open"]
[Site "Marseille FRA"]
[Date "2010.12.27"]
[Round "3"]
[White "Riff,V"]
[Black "Riff,JN"]
[Result "1/2-1/2"]
[WhiteElo "2379"]
[BlackElo "2514"]

1.c4 Nf6 2.d4 e6 3.Nf3 Bb4+ 4.Nbd2 b6 5.g3 Bb7 6.Bg2 O-O 7.O-O d5 8.cxd5 exd5
9.a3 Be7 10.Ne5 Nbd7 11.Ndf3 c5 12.Bf4 h6  1/2-1/2

[Event "3rd Marseille Open"]
[Site "Marseille FRA"]
[Date "2010.12.30"]
[Round "9"]
[White "Mirzoev,A"]
[Black "Petrossian,A"]
[Result "1-0"]
[WhiteElo "2546"]
[BlackElo "2443"]

1.d4 Nf6 2.Nf3 e6 3.c4 Bb4+ 4.Nbd2 b6 5.a3 Bxd2+ 6.Qxd2 Bb7 7.g3 d6 8.Bg2 Nbd7
9.O-O O-O 10.b3 Be4 11.Bb2 a5 12.Rfd1 Qc8 13.Bf1 h6 14.Rac1 Qd8 15.Ne1 Qe7
16.Ng2 e5 17.Ne3 exd4 18.Bxd4 Qe6 19.Qb2 Rfe8 20.Nd5 Nxd5 21.cxd5 Bxd5 22.Bxg7 Ne5
23.Bxe5 dxe5 24.Rxc7 Rad8 25.Rc3 Bb7 26.Qc1 Rxd1 27.Qxd1 Qf6 28.Rc7 Rd8 29.Qc1 Bd5
30.Qe3 Qd6 31.Rc3 Qe6 32.Rd3 Rd6 33.h4 Bb7 34.Bg2 Rxd3 35.Qxd3 Bxg2 36.Kxg2 Qc6+
37.e4 Qc5 38.a4 Kg7 39.Qd7 Qc2 40.Qg4+ Kf8 41.Qf3 Ke7 42.Qe3 Qc6 43.Qf3 Qc2
44.g4 Kf8 45.g5 hxg5 46.hxg5 Kg8 47.Kg3 Qd2 48.Kg4 Qd7+ 49.Kh5 Qe6 50.Qf5 Qxb3
51.Kh6 Qc3 52.Qh7+ Kf8 53.Qh8+ Ke7 54.Qf6+ Ke8 55.Kg7 Qc7 56.f3 Qc5 57.Qxf7+ Kd8
58.g6 b5 59.Qf8+  1-0

[Event "Australian Open"]
[Site "Cammeray AUS"]
[Date "2011.01.05"]
[Round "4.4"]
[White "Smirnov,Vl1"]
[Black "Salaberry,G"]
[Result "1-0"]
[WhiteElo "2382"]
[BlackElo "2254"]

1.d4 e6 2.c4 Nf6 3.Nf3 Bb4+ 4.Nbd2 b6 5.a3 Bxd2+ 6.Bxd2 Bb7 7.Bg5 h6 8.Bh4 d6
9.e3 Nbd7 10.Be2 Qe7 11.Nd2 e5 12.Bf3 e4 13.Be2 a5 14.Nb1 O-O 15.Nc3 c6 16.O-O Rfe8
17.Rc1 Qf8 18.Bg3 Rac8 19.Qb3 Ba8 20.Rfd1 Rb8 21.a4 Re6 22.Qa3 Rc8 23.b3 Ne8
24.d5 cxd5 25.cxd5 Re5 26.Bxe5 Nxe5 27.Nxe4 Rxc1 28.Qxc1 f5 29.Qc8 fxe4 30.Qxa8 Nf6
31.Qxf8+ Kxf8 32.f4 exf3 33.gxf3 Ned7 34.Kf2 Nc5 35.e4 Nfd7 36.Rb1 g5 37.Ke3 Nf6
38.b4 Nxa4 39.bxa5 bxa5 40.Ra1 Nc5 41.Rxa5 Kg7 42.Bd3 Nfd7 43.Bb5 Ne5 44.Ra7+ Kf6
45.Rh7 Kg6 46.Rh8 Kg7 47.Rd8 Nf7 48.Rc8 Kf6 49.Be8 Ne5 50.Bh5 Ncd7 51.Kd4 Ke7
52.Re8+  1-0

[Event "68th ch-GEO w"]
[Site "Anaklia GEO"]
[Date "2011.01.15"]
[Round "6.3"]
[White "Khurtsidze,N"]
[Black "Nikoladze,S"]
[Result "0-1"]
[WhiteElo "2436"]
[BlackElo "2254"]

1.d4 Nf6 2.c4 e6 3.Nf3 Bb4+ 4.Nbd2 O-O 5.g3 d5 6.Qc2 b6 7.Bg2 Bb7 8.O-O Nbd7
9.b3 Rc8 10.cxd5 exd5 11.Bb2 c5 12.dxc5 bxc5 13.Bh3 Rc7 14.a3 Ba5 15.Ne5 Re8
16.Ndf3 Nf8 17.Rfd1 Ne4 18.Rac1 Qe7 19.Nh4 d4 20.Nhf3 Bc3 21.Bf1 Bxb2 22.Qxb2 Nc3
23.Rd2 Qf6 24.b4 Rxe5 25.Nxe5 Qxe5 26.bxc5 Qe4 27.f3 Qe3+ 28.Kh1 Ba6 29.Rxd4 Qxd4
30.Qxc3 Qxc3 31.Rxc3 Ne6 32.c6 Kf8 33.f4 Ke7 34.Kg1 Nd4 35.Rc5 Rxc6 36.Ra5 Nb3
37.Ra4 Nc5 38.Ra5 Kd6 39.Bg2 Rb6 40.e4 Rb1+ 41.Kf2 Kc6  0-1

[Event "TCh-SVK Extraliga 2010-11"]
[Site "Kosice CZE"]
[Date "2011.01.15"]
[Round "3.7"]
[White "Krak,T"]
[Black "Briestensky,R"]
[Result "1/2-1/2"]
[WhiteElo "2233"]
[BlackElo "2315"]

1.d4 Nf6 2.Nf3 e6 3.c4 Bb4+ 4.Nbd2 Qe7 5.g3 O-O 6.Bg2 d6 7.a3 Bxd2+ 8.Bxd2 e5
9.O-O c5 10.d5 Ne4 11.Be3 f5 12.Nd2 Nf6 13.b4 b6 14.bxc5 bxc5 15.Bxc5 a5
16.Bb6 Nbd7 17.c5 e4 18.cxd6 Qxd6 19.Nc4 Qxd5 20.Qxd5+ Nxd5 21.Bd4 Ba6 22.Rfc1 Rac8
23.Nxa5 Bxe2 24.Nb7 Rxc1+ 25.Rxc1 Ra8 26.Nc5 Nf8 27.a4 Rd8 28.Bb2 Nb4 29.Bf1 Bxf1
30.Kxf1 Rb8 31.Be5 Rc8 32.Nb3 Rxc1+ 33.Nxc1 Nd7 34.Bc3 Nd5 35.Bd4 Nb8 36.Nb3 Nc6
37.Bc5 g6 38.a5 Nc7 39.Nd4 Nxd4 40.Bxd4 Kf7 41.Bb6 Na6 42.Ke2 Ke6 43.Kd2 Ke5
44.Be3 Kd5 45.Kc3 Nc7 46.h4 Na6 47.Kb3 Nc7 48.Kb4 Kc6 49.Kc4 Nd5 50.Bg5 Nc7
51.Bd2 Ne8 52.Bf4 Nf6 53.Be5 Ng4 54.Bd4 h6 55.a6 g5 56.a7 Kb7 57.hxg5 hxg5
58.Kd5 f4 59.Kxe4 Nxf2+  1/2-1/2

[Event "68th ch-GEO w"]
[Site "Anaklia GEO"]
[Date "2011.01.17"]
[Round "7"]
[White "Javakhishvili,L"]
[Black "Khukhashvili,S"]
[Result "1-0"]
[WhiteElo "2438"]
[BlackElo "2437"]

1.d4 Nf6 2.c4 e6 3.Nf3 Bb4+ 4.Nbd2 d5 5.Qa4+ Nc6 6.a3 Bxd2+ 7.Bxd2 Ne4 8.e3 O-O
9.Qc2 Bd7 10.Bd3 f5 11.b4 a6 12.Rc1 Rc8 13.O-O Be8 14.b5 axb5 15.cxb5 Nxd2
16.Qxd2 Ne7 17.a4 c6 18.Qb4 f4 19.exf4 Bg6 20.Qd2 Bxd3 21.Qxd3 Rxf4 22.Ng5 Ng6
23.Nxe6 Qe7 24.Rce1 Rf6 25.Ng5 Qf8 26.f4 Ra8 27.f5 Ne7 28.Re5 h6 29.Ne6 Qf7
30.bxc6 Nxc6 31.Re3 Ne7 32.g4 g6 33.Ref3 gxf5 34.gxf5 Nxf5 35.Rxf5 Rg6+ 36.Ng5 Qg7
37.h4 hxg5 38.h5 Rh6 39.Qe3 Rxh5 40.Re5 Qd7 41.Rff5 Kh8 42.Qf3 Qh7 43.Rf8+ Rxf8
44.Qxf8+ Qg8 45.Qf6+ Qg7 46.Re8+  1-0

[Event "Marienbad Open"]
[Site "Marianske Lazne CZE"]
[Date "2011.01.18"]
[Round "5"]
[White "Ilandzis,S"]
[Black "Hubka,R"]
[Result "1/2-1/2"]
[WhiteElo "2141"]
[BlackElo "2050"]

1.d4 e6 2.c4 Nf6 3.Nf3 Bb4+ 4.Nbd2 b6 5.g3 Bb7 6.Bg2 Ne4 7.O-O Nxd2 8.Bxd2 Bxd2
9.Qxd2 d6 10.Qc2 Nd7 11.e4 O-O 12.Rad1 d5 13.e5 dxc4 14.Ng5 Qxg5 15.Bxb7 Rad8
16.f4 Qe7 17.Qxc4 c5 18.Be4 cxd4 19.b4 Rc8 20.Qxd4 Rfd8 21.Qd6 Qxd6 22.Rxd6 Nf8
23.Rfd1 Rxd6 24.exd6 Rd8 25.Kf2 f5 26.Bc6 Kf7 27.Rd3 h6 28.h3 e5 29.fxe5 Ke6
30.Ra3 Kxe5 31.d7 Ke6 32.Bb5 g5 33.Rxa7 Nxd7 34.Bxd7+ Rxd7 35.Rxd7 Kxd7 36.a4 Kd6
37.Ke3 Kd5 38.a5 bxa5 39.bxa5 Kc5 40.a6 Kb6 41.Kd4 h5 42.h4 gxh4 43.gxh4 Kxa6
44.Ke5 Kb6 45.Kxf5 Kc7 46.Kg5 Kd7 47.Kxh5 Ke7 48.Kg6 Kf8 49.Kh7 Kf7 50.h5 Kf8
51.h6 Kf7 52.Kh8 Kg6 53.h7 Kf7  1/2-1/2

[Event "3rd Chennai Open"]
[Site "Chennai IND"]
[Date "2011.01.21"]
[Round "5"]
[White "Shaikh,N"]
[Black "Laxman,R"]
[Result "1/2-1/2"]
[WhiteElo "2113"]
[BlackElo "2463"]

1.d4 Nf6 2.c4 e6 3.Nf3 Bb4+ 4.Nbd2 O-O 5.a3 Be7 6.e4 d5 7.e5 Nfd7 8.b4 a5
9.b5 c5 10.Bb2 cxd4 11.Bxd4 Nc5 12.Be2 a4 13.O-O b6 14.cxd5 exd5 15.Bb2 Nbd7
16.Nb1 Bb7 17.Nc3 Nb3 18.Rb1 Ndc5 19.Nd4 Nxd4 20.Qxd4 Nb3 21.Qd1 d4 22.Nxa4 Bd5
23.Bc1 Nxc1 24.Rxc1 Bxa3 25.Ra1 Qg5 26.g3 Bc5 27.Nxc5 bxc5 28.f4 Qf5 29.Bd3 Qh3
30.Qe2 Rac8 31.Rfc1 g6 32.Be4 Qd7 33.b6 Qc6 34.Bxd5 Qxd5 35.Qg2 Qb3 36.Rab1 Qe3+  1/2-1/2

[Event "68th ch-GEO w"]
[Site "Anaklia GEO"]
[Date "2011.01.22"]
[Round "12"]
[White "Javakhishvili,L"]
[Black "Nikoladze,S"]
[Result "1-0"]
[WhiteElo "2438"]
[BlackElo "2254"]

1.d4 e6 2.c4 Nf6 3.Nf3 Bb4+ 4.Nbd2 O-O 5.a3 Be7 6.e4 d5 7.e5 Nfd7 8.b4 a5
9.b5 c5 10.cxd5 exd5 11.Bd3 Qc7 12.Qc2 g6 13.Nf1 c4 14.Bh6 Re8 15.Ne3 Nb6
16.Qc1 a4 17.h4 Ra5 18.h5 Rxb5 19.hxg6 fxg6 20.Nd1 Nc6 21.Bc2 Bf8 22.Nc3 Ra5
23.Be3 Bg7 24.Qb1 Nd7 25.Rxh7 Ndxe5 26.Bxg6 Nxf3+ 27.gxf3 Re7 28.Kd2 Bxd4
29.Bf7+ Rxf7 30.Qg6+ Kf8 31.Bh6+ Bg7 32.Bxg7+ Rxg7 33.Rh8+ Ke7 34.Re1+  1-0

[Event "TCh-CZE 2010-11"]
[Site "Czech Rep CZE"]
[Date "2011.01.22"]
[Round "6.4"]
[White "Orsag,Mil1"]
[Black "Stocek,J"]
[Result "0-1"]
[WhiteElo "2426"]
[BlackElo "2567"]

1.d4 Nf6 2.c4 e6 3.Nf3 Bb4+ 4.Nbd2 O-O 5.a3 Be7 6.e4 d5 7.Bd3 c5 8.e5 Nfd7
9.cxd5 exd5 10.O-O Nc6 11.Re1 a5 12.Qc2 h6 13.dxc5 Nxc5 14.Nb3 Nxd3 15.Qxd3 Re8
16.h3 a4 17.Nbd4 Bc5 18.Nxc6 bxc6 19.Be3 Bb6 20.Rac1 Bd7 21.Re2 Bc7 22.Bd4 Rb8
23.Qa6 Rb3 24.Rc3 Rxc3 25.bxc3 Re6 26.Qd3 Qe7 27.c4 dxc4 28.Qxc4 Qxa3 29.Bb2 Qe7
30.Qxa4 c5 31.Qa8+ Qe8 32.Qxe8+ Rxe8 33.Rc2 Bb6 34.Nd2 f6 35.Nc4 Bc7 36.f4 Bf5
37.Rc1 Bd3 38.Kf2 Bxc4 39.Rxc4 fxe5 40.Kf3 exf4 41.Bc1 Bd6 42.h4 Re1 43.Kg4 Rf1
44.Rc2 g6 45.h5 Kf7 46.Rc3 Kf6 47.Bb2 gxh5+ 48.Kxh5 Kf5 49.Kxh6 Rh1+  0-1

[Event "68th ch-GEO w"]
[Site "Anaklia GEO"]
[Date "2011.01.23"]
[Round "13"]
[White "Khurtsidze,N"]
[Black "Lomineishvili,M"]
[Result "1/2-1/2"]
[WhiteElo "2436"]
[BlackElo "2345"]

1.d4 Nf6 2.Nf3 e6 3.c4 Bb4+ 4.Nbd2 d5 5.Qa4+ Nc6 6.a3 Bxd2+ 7.Bxd2 Ne4 8.e3 O-O
9.Qc2 Nxd2 10.Qxd2 Qf6 11.Rc1 dxc4 12.Bxc4 e5 13.d5 e4 14.Ng1 Ne5 15.Ne2 Bh3
16.Nd4  1/2-1/2

[Event "TCh-CZE 2010-11"]
[Site "Czech Rep CZE"]
[Date "2011.01.23"]
[Round "7.5"]
[White "Orsag,Mil1"]
[Black "Kulhanek,T"]
[Result "1/2-1/2"]
[WhiteElo "2426"]
[BlackElo "2401"]

1.d4 Nf6 2.c4 e6 3.Nf3 Bb4+ 4.Nbd2 c5 5.e3 cxd4 6.exd4 O-O 7.Bd3 d5 8.O-O b6
9.a3 Bxd2 10.Bxd2 dxc4 11.Bxc4 Ba6 12.Rc1 Bxc4 13.Rxc4 Nbd7 14.Qc2 b5 15.Rc6 Nb6
16.Ba5 Rc8 17.Rc1 Rxc6 18.Qxc6 Qd5 19.Bxb6  1/2-1/2

[Event "I Antonio Rocha Mem"]
[Site "Campinas BRA"]
[Date "2011.01.25"]
[Round "13.3"]
[White "Leitao,R"]
[Black "Name,G"]
[Result "1-0"]
[WhiteElo "2609"]
[BlackElo "2138"]

1.d4 Nf6 2.c4 e6 3.Nf3 Bb4+ 4.Nbd2 b6 5.a3 Bxd2+ 6.Qxd2 Bb7 7.e3 O-O 8.Be2 d6
9.O-O Nbd7 10.b4 Ne4 11.Qc2 f5 12.d5 e5 13.Nd2 Nxd2 14.Bxd2 c6 15.dxc6 Bxc6
16.f3 Qe7 17.Rfd1 g6 18.Bc3 Nf6 19.a4 Rad8 20.a5 e4 21.f4 Ng4 22.Bxg4 fxg4
23.axb6 axb6 24.Qd2 Rf5 25.Qd4 Rh5 26.Ra7 Rd7 27.Rxd7 Bxd7 28.Qxd6  1-0